000 00668nam a2200265Ia 4500
005 20260306163611.0
008 008 260114s9999 xx 000 0 eng d
020 _a9781501744419
037 _aEBOOK
040 _aCRL
040 _beng
040 _cCRL
041 _2eng
041 _aeng
084 _qCRL
100 _aConway, Badiane, Glatzel
_91128969
245 0 _aFood For All In Africa: Sustainable Intensification For African Farmers
260 _bCornell University Press
260 _c2020
650 _aSocial Work
856 _uhttps://academic.oup.com/book/34082
942 _cEBOOK
999 _c1710749
_d1710749